Světová obchodní organizace před Cancúnem a po něm

V roku 2003 sa konala v mexickom Cancúne ministerská konferencia Svetovej obchodnej organizácie WTO. Príprava a priebeh konferencie. Stručná rekapitulácia činnosti WTO. Hlavné úlohy WTO. Príčiny neúspechu konferencie v Cancúne. Perspektívny osud WTO.

Salvato in:
Dettagli Bibliografici
Autore principale: Fárek, Jiří
Natura: Capitolo di libro
Lingua:ceco
Soggetti:
Tags: Aggiungi Tag
Nessun Tag, puoi essere il primo ad aggiungerne!!

MARC

LEADER 00000naa$a2200000$$$4500
001 0004149
005 20231004105907.5
041 0 |a cze 
044 |a CZ 
245 1 0 |a Světová obchodní organizace před Cancúnem a po něm  |c aut. Jiří Fárek 
520 |a V roku 2003 sa konala v mexickom Cancúne ministerská konferencia Svetovej obchodnej organizácie WTO. Príprava a priebeh konferencie. Stručná rekapitulácia činnosti WTO. Hlavné úlohy WTO. Príčiny neúspechu konferencie v Cancúne. Perspektívny osud WTO. 
610 2 0 |a obchod medzinárodný 
610 2 0 |a organizácie medzinárodné 
610 2 0 |a obchod svetový 
610 2 0 |a konferencie 
610 2 0 |a Cancun 
100 1 |a Fárek, Jiří